000 00671nam a2200181 a 4500
005 20140412111250.0
008 000823s19uu xx 00 eng d
020 _a0-590-87188-9
050 _aTR(GS 746
_bS64 1996
100 _aSmith, Mavis
245 _aTie a bow, Ben Bunny :
_ba lacing book with step-by-step instructions /
_cby Mavis Smith.
260 _aNew York :
_bScholastic Inc,
_c1996.
300 _a1 v. (unp.) ; ill.
520 _aBen Bunny hopped along the street with brand new sneakers on his feet. "Nice shoes, Ben!" a little crow cried. "Too bad your laces are untied!"
650 _aLacing
650 _aBunnies stories-Fiction
999 _c103140
_d103140